000 01163nam a2200277 a 4500
001 000044613
005 20241206085814.0
008 110414s2014 dr 000 0 spa d
040 _aDO-SdBNP
_bspa
_cBNPHU
082 _a344.0328292
_bR426L, 2014
110 1 _aRepública Dominicana
_9447
240 1 0 _a[Leyes, etc.]
245 1 0 _aLey 24-97 que modifica el Código Penal Dominicano y sanciona la violencia contra la mujer, doméstica e intrafamiliar.
246 1 4 _aLey no. 24-97
_bsobre la violencia contra la mujer e intrafamiliar
250 _a11a. ed.
260 _aSanto Domingo :
_bMinisterio de la Mujer,
_c2014.
300 _a43 p. ;
_c21 cm.
590 _aInventariado, 2018/VM
650 4 _aViolencia contra la mujer
_xLegislación
_zRepública Dominicana
_956156
650 4 _aViolencia familiar
_xLegislación
_zRepública Dominicana
_956157
650 4 _aDerecho penal
_xLegislación
_zRepública Dominicana
_916570
650 4 _aLeyes
_zRepública Dominicana
_93033
651 4 _aRepública Dominicana
_xLey 24-97
_916572
710 1 2 _aRepública Dominicana.
_bSecretaría de Estado de la Mujer
_938238
910 _aValidado. Control de calidad MFF
999 _c44102
_d44102